Anthropologie und Theologie / Albert Raffelt, Karl Rahner. Person und Gottebenbildlichkeit / Ingolf U. Dalferth, Eberhard Jüngel. System und Subjekt / Jürgen Werbick
Record details
- ISBN: 3-451-19224-1
- Physical Description: 144 s. ; 21 cm
- Publisher: Freiburg ; Herder, 1981
Content descriptions
| Bibliography, etc. Note: | Obsahuje bibliografii a rejstřík |
Search for related items by subject
| Subject: | teologická antropologie náboženská víra křesťanská teologie antropologie člověk Bůh a člověk antropogeneze subjektivita |
| Genre: | monografie |
Search for related items by series
Available copies
- 1 of 1 copy available at Common Catalog SPOK.
Holds
- 0 current holds with 1 total copy.
Show All Copies
| Location | Call Number / Copy Notes | Barcode | Shelving Location | Status | Due Date |
|---|---|---|---|---|---|
| Jabok Library | ST-1.2 | 424480008026 | Depozitář (knihy) - ptejte se knihovníka | Available | - |
| LDR | 02189nam a2200553ua 4500 | ||
|---|---|---|---|
| 001 | 4233 | ||
| 003 | CZ-PrJAB | ||
| 005 | 20190227142609.0 | ||
| 007 | ta | ||
| 008 | 121108s1981 gw f 001 0 ger d | ||
| 020 | . | ‡a3-451-19224-1 ‡q(váz.) | |
| 035 | . | ‡a(CZ PrSKC)000106757 | |
| 040 | . | ‡aABC013 ‡bcze ‡dABC013 ‡dABD027 ‡dABD064 ‡dCBD005 | |
| 044 | . | ‡agw ‡asz ‡aau | |
| 072 | 7. | ‡a27-1/-2 ‡xKřesťanská teologie. Dogmatická teologie ‡2Konspekt ‡95 | |
| 080 | . | ‡a572 ‡2MRF | |
| 080 | . | ‡a27-1 ‡2MRF | |
| 080 | . | ‡a2-18 ‡2MRF | |
| 080 | . | ‡a2-184.3 ‡2MRF | |
| 080 | . | ‡a572.9 ‡2MRF | |
| 080 | . | ‡a2-184 ‡2MRF | |
| 080 | . | ‡a572.1/.4 ‡2MRF | |
| 080 | . | ‡a165.12 ‡2MRF | |
| 080 | . | ‡a(048.8) ‡2MRF | |
| 100 | 1 | . | ‡aRaffelt, Albert, ‡d1944- ‡7uk2012731350 ‡4aut |
| 245 | 1 | 0. | ‡aAnthropologie und Theologie / ‡cAlbert Raffelt, Karl Rahner. Person und Gottebenbildlichkeit / Ingolf U. Dalferth, Eberhard Jüngel. System und Subjekt / Jürgen Werbick |
| 260 | . | ‡aFreiburg ; ‡aBasel ; ‡aWien : ‡bHerder, ‡c1981 | |
| 300 | . | ‡a144 s. ; ‡c21 cm | |
| 490 | 1 | . | ‡aChristlicher Glaube in moderner Gesellschaft. Enzyklopädische Bibliothek in 30 Teilbänden ; ‡vTeilband 24 |
| 504 | . | ‡aObsahuje bibliografii a rejstřík | |
| 650 | 0 | 7. | ‡ateologická antropologie ‡7ph255082 ‡2czenas |
| 650 | 0 | 7. | ‡anáboženská víra ‡7ph115476 ‡2czenas |
| 650 | 0 | 7. | ‡akřesťanská teologie ‡7ph115064 ‡2czenas |
| 650 | 0 | 7. | ‡aantropologie ‡7ph114065 ‡2czenas |
| 650 | 0 | 7. | ‡ačlověk ‡7ph116876 ‡2czenas |
| 650 | 0 | 7. | ‡aBůh a člověk ‡7ph116953 ‡2czenas |
| 650 | 0 | 7. | ‡aantropogeneze ‡7ph118527 ‡2czenas |
| 650 | 0 | 7. | ‡asubjektivita ‡7ph412790 ‡2czenas |
| 655 | 7. | ‡amonografie ‡7fd132842 ‡2czenas | |
| 700 | 1 | . | ‡aRahner, Karl, ‡d1904-1984 ‡7jn20000604556 ‡4aut |
| 700 | 1 | 2. | ‡aDalferth, Ingolf U. ‡q(Ingolf Ulrich), ‡d1948- ‡tPerson und Gottebenbildlichkeit |
| 700 | 1 | 2. | ‡aJüngel, Eberhard, ‡d1934- ‡tPerson und Gottebenbildlichkeit |
| 700 | 1 | 2. | ‡aWerbick, Jürgen, ‡d1946- ‡tSystem und Subjekt |
| 830 | 0. | ‡aChristlicher Glaube in moderner Gesellschaft. ‡pEnzyklopädische Bibliothek in 30 Teilbänden | |
| 910 | . | ‡aABG312 | |
| 995 | . | ‡aska | |
| 901 | . | ‡a4233 ‡bUnknown ‡c4233 ‡tbiblio | |